00605nam a2200169 i 450000100060000000300090000600500170001500700030003200800410003510000360007624500550011226000560016730000410022385200320026499900170029695201220031374494ES-MaACL20230906172143.0t|040920s1971 sp ||||1| spa d1 aGonzález Metola, Luis.95881013aEl Padre Jandilla / cFrancisco González Metola. aJerez : b[s.n., c1971] (fGráf. del Exportador) a148 p., 4 lám. : bmap. ; c21 cm. aES-MaACLjC-44767 bR.80367 c74494d74494 00104070aATENEOMbATENEOMcDEPO2d2008-01-17eSCl0oC-44767p1077980r2023-02-23 00:00:00w2023-02-23yMONOGRAFIA